5HLuxD.jpg

KING HENRY VIII SENIOR AND PRIMARY SCHOOL LIBRARY OPAC

YOU CHOOSE (Record no. 5535)

000 -LEADER
fixed length control field 01048nam a22002297a 4500
005 - DATE AND TIME OF LATEST TRANSACTION
control field 20251009141243.0
008 - FIXED-LENGTH DATA ELEMENTS--GENERAL INFORMATION
fixed length control field 250926b ||||| |||| 00| 0 eng d
020 ## - INTERNATIONAL STANDARD BOOK NUMBER
International Standard Book Number 9780241368350
040 ## - CATALOGING SOURCE
Transcribing agency KH8
082 ## - DEWEY DECIMAL CLASSIFICATION NUMBER
Classification number 823.914 GOO
100 ## - MAIN ENTRY--PERSONAL NAME
Personal name GOODHART,PIPPA
Relator term AUTHOR
Language of a work ENGLISH
245 ## - TITLE STATEMENT
Title YOU CHOOSE
260 ## - PUBLICATION, DISTRIBUTION, ETC.
Place of publication, distribution, etc. ONE EMBASSY GARDENS,8 VIADUCT GARDENS,LONDON SW11 7BW
Name of publisher, distributor, etc. PUFFIN BOOKS,PENGUIN RANDOM HOUSE CHILDREN'S
Date of publication, distribution, etc. 2021
300 ## - PHYSICAL DESCRIPTION
Extent 32 pages
Other physical details colour illustrations
Dimensions 26 cm x 30 cm
500 ## - GENERAL NOTE
General note "Imagine you could go anywhere, meet anyone and do anything. Where would you live? Where would you sleep? Who would be your friends? What games would you play? Go on... you choose!"<br/>
520 ## - SUMMARY, ETC.
Summary, etc. An interactive picture book that encourages children to make choices about various scenarios, fostering imagination and decision-making skills.
521 ## - TARGET AUDIENCE NOTE
Target audience note For children aged 3–6 years.
650 ## - SUBJECT ADDED ENTRY--TOPICAL TERM
Source of heading or term Interactive books for children
Topical term or geographic name entry element Juvenile fiction.
655 ## - INDEX TERM--GENRE/FORM
Genre/form data or focus term Picture books
700 ## - ADDED ENTRY--PERSONAL NAME
Personal name Sharratt, Nick
Relator term Illustrator
942 ## - ADDED ENTRY ELEMENTS (KOHA)
Source of classification or shelving scheme
Koha item type Books - Fiction
Holdings
Withdrawn status Lost status Source of classification or shelving scheme Damaged status Not for loan Collection code Permanent Location Current Location Shelving location Date acquired Full call number Barcode Date last seen Price effective from Koha item type Public note Total Checkouts Date last checked out
          Fiction KH8 Primary School Library KH8 Primary School Library Fiction 2025-09-26 823.914 GOO KHPL000007229 2025-09-26 2025-09-26 Books - Fiction PRIMARY LIBRARY    
          Fiction KH8 Primary School Library KH8 Primary School Library Fiction 2025-09-26 823.914 GOO KHPL000007230 2026-03-12 2025-09-26 Books - Fiction PRIMARY LIBRARY 2 2026-03-05

Powered By KH8 IT Dept